Embedded systems for smart appliances and energy management / (Record no. 355406)
[ view plain ]
| 000 -LEADER | |
|---|---|
| fixed length control field | 00889cam a22002655a 4500 |
| 001 - CONTROL NUMBER | |
| control field | 17397315 |
| 003 - CONTROL NUMBER IDENTIFIER | |
| control field | Nust- CAS-E |
| 005 - DATE AND TIME OF LATEST TRANSACTION | |
| control field | 20180118181400.0 |
| 008 - FIXED-LENGTH DATA ELEMENTS--GENERAL INFORMATION | |
| fixed length control field | 120723s2012 nyu 000 0 eng |
| 010 ## - LIBRARY OF CONGRESS CONTROL NUMBER | |
| LC control number | 2012945006 |
| 020 ## - INTERNATIONAL STANDARD BOOK NUMBER | |
| International Standard Book Number | 9781441987945 |
| 040 ## - CATALOGING SOURCE | |
| Original cataloging agency | DLC |
| Transcribing agency | DLC |
| Modifying agency | DLC |
| 042 ## - AUTHENTICATION CODE | |
| Authentication code | pcc |
| 082 ## - DEWEY DECIMAL CLASSIFICATION NUMBER | |
| Classification number | 381.45 |
| Author Mark | GRI 2012 |
| 100 1# - MAIN ENTRY--PERSONAL NAME | |
| Personal name | Grimm, Christoph. |
| 245 10 - TITLE STATEMENT | |
| Title | Embedded systems for smart appliances and energy management / |
| Statement of responsibility, etc. | Christoph Grimm. |
| 260 ## - PUBLICATION, DISTRIBUTION, ETC. | |
| Place of publication, distribution, etc. | New York : |
| Name of publisher, distributor, etc. | Springer, |
| Date of publication, distribution, etc. | 2012. |
| 263 ## - PROJECTED PUBLICATION DATE | |
| Projected publication date | 1208 |
| 300 ## - PHYSICAL DESCRIPTION | |
| Extent | p. cm. |
| 856 42 - ELECTRONIC LOCATION AND ACCESS | |
| Materials specified | Publisher description |
| Uniform Resource Identifier | <a href="http://www.loc.gov/catdir/enhancements/fy1316/2012945006-d.html">http://www.loc.gov/catdir/enhancements/fy1316/2012945006-d.html</a> |
| 856 41 - ELECTRONIC LOCATION AND ACCESS | |
| Materials specified | Table of contents only |
| Uniform Resource Identifier | <a href="http://www.loc.gov/catdir/enhancements/fy1316/2012945006-t.html">http://www.loc.gov/catdir/enhancements/fy1316/2012945006-t.html</a> |
| 906 ## - LOCAL DATA ELEMENT F, LDF (RLIN) | |
| a | 0 |
| b | ibc |
| c | orignew |
| d | 2 |
| e | epcn |
| f | 20 |
| g | y-gencatlg |
| 942 ## - ADDED ENTRY ELEMENTS (KOHA) | |
| Source of classification or shelving scheme | |
| Koha item type | Book |
| Withdrawn status | Lost status | Source of classification or shelving scheme | Damaged status | Not for loan | Collection code | Permanent Location | Current Location | Shelving location | Date acquired | Source of acquisition | Total Checkouts | Full call number | Barcode | Date last seen | Cost, replacement price | Price effective from | Koha item type |
|---|---|---|---|---|---|---|---|---|---|---|---|---|---|---|---|---|---|
| US-Pakistan Center for Advanced Studies in Energy (USPCAS-E) | US-Pakistan Center for Advanced Studies in Energy (USPCAS-E) | General Stacks | 05/13/2013 | Progressive Int. | 381.45 GRI 2012 | CAS-E0000323 | 08/18/2014 | 9313.09 | 08/18/2014 | Book |
